| 000 | 00547nam a2200193Ia 4500 | ||
|---|---|---|---|
| 005 | 20250423095640.0 | ||
| 008 | 250422s9999 xx 000 0 und d | ||
| 020 | _a9781119484745 | ||
| 050 | _aR 118.6 .G74/ | ||
| 100 | _aGreenhalgh, Trisha | ||
| 245 | 0 | _aHow to read a paper : the basics of evidence-based medicine and healthcare | |
| 250 | _a6th ed. | ||
| 260 | _aHoboken, NJ | ||
| 260 | _bJohn Wiley & Sons Ltd, | ||
| 260 | _c2019 | ||
| 300 | _a262 p | ||
| 650 | _aEvidence-Based Practice Research Journalism, Medical | ||
| 942 | _cBK | ||
| 999 |
_c30913 _d30913 |
||